000 00276nam a22001337a 4500
008 170627b xxu||||| |||| 00| 0 eng d
020 _a9780134340586
041 _aeng
080 _a82
100 _a21
101 _aGJL
245 _aLITERATURE
_cCOPPER
942 _2udc
_cBK
999 _c19271
_d19271